Family Health & Medical Guide/ (Record no. 9679)

000 -LEADER
fixed length control field 00498nam a22001577a 4500
008 - FIXED-LENGTH DATA ELEMENTS--GENERAL INFORMATION
fixed length control field 151030b xxu||||| |||| 00| 0 eng d
020 ## - INTERNATIONAL STANDARD BOOK NUMBER
International Standard Book Number 0849908396
050 ## - LIBRARY OF CONGRESS CALL NUMBER
Classification number SPE RC 81 .F2352 1996
100 ## - MAIN ENTRY--PERSONAL NAME
Personal name Kelly B Robert
Dates associated with a name 1996
245 ## - TITLE STATEMENT
Title Family Health & Medical Guide/
Statement of responsibility, etc. Robert B. Kelly
260 ## - PUBLICATION, DISTRIBUTION, ETC. (IMPRINT)
Place of publication, distribution, etc. London,
Name of publisher, distributor, etc. Word Publishing,
Date of publication, distribution, etc. 1996
300 ## - PHYSICAL DESCRIPTION
Extent v,678p.:ill;
Other physical details includes index
Dimensions 28cm.
650 ## - SUBJECT ADDED ENTRY--TOPICAL TERM
Topical term or geographic name as entry element Health
700 ## - ADDED ENTRY--PERSONAL NAME
Personal name Gregg Albers
942 ## - ADDED ENTRY ELEMENTS (KOHA)
Source of classification or shelving scheme
Koha item type Hard Covered Materials
Classification part SPE RC 81 .F2352 1996
Holdings
Withdrawn status Lost status Source of classification or shelving scheme Damaged status Not for loan Home library Current library Date acquired Source of acquisition Total Checkouts Full call number Barcode Date last seen Price effective from Koha item type
          MACHAKOS UNIVERSITY LIBRARY MACHAKOS UNIVERSITY LIBRARY 30/10/2015 Donation(B.F.A)   SPE RC 81 .F2352 1996 17347 30/05/2019 30/10/2015 Hard Covered Materials
© Machakos University Library, Along The Highway, Machakos Wote Rd, Machakos, Kenya P.O. Box 136 - 90100 Machakos - Kenya

Tel: ( +254 ) 723 805829 OR Fax : 044-20353 OR Email: library@mksu.ac.ke